000 01010cab a2200241 4500
001 ABS37296
008 090401t1987 xxu||||| |||| 00| 0 eng d
035 _a(Sirsi) u3585
041 _aeng
245 _aSpecification hits new heights
260 _c1987
350 _a0
490 _aBuilding Services
_v9 (1) January 1987, 36-37 (2)
520 _aDescribes the background to the development of a specification for engineering services , which has lead to the production of a National Engineering Specification . Outlines the components of the specification package which includes a set of loose leaf volumes and material on floppy discs, the costs involved in setting up the system, the use of the specification and keeping it up to date.
650 _aBUILDING INDUSTRY
650 _aCCPI
650 _aCOMPUTER APPLICATIONS
650 _aCOORDINATING COMMITTEE FOR PROJECT INFORMATION
650 _aSERVICE ENGINEERS
690 _aBlock management
_96220
942 _n0
948 _c04/03/1997
999 _c2205
_d2205